00839 a2200217 4500003000500000005001700005020001800022040000900040082001000049100001700059245004000076260004700116300000800163505025900171538003000430600001700460650001300477942001200490999001900502952010000521Nust20170207153259.0 a0-8368-0049-4 cNust a610.9 aBarbara Behm aThe Story of MedicinecBarbara Behm aUSAbGareth stevens children,s booksc1992 a64p aHealth And Medicine (Page-4), Medicine In Ancient Times (Page-10), Medieval Medicine (Page-16), Scientific Beginnings (Page-22), A Time Of Progress (Page-30), Medicine Today (Page-38), Medicine In Other Places (Page-48), Medicine In The Future (Page-56). aAlmirah No.28 Shelf No.3 aBarbara Behm aMedicine 2ddccBK c183203d183203 00102ddc40708NFICaMCSbMCSd2016-12-12l0o610.9 BEMpMCS2087r2016-12-08w2016-12-12yBK